00963 a2200205 4500020001500000020001800015040001300033082001000046100002000056245016100076260008300237300003500320650004200355650003600397650001600433700001900449856010600468856009100574856009200665 a0471683736 a9780471683735 aDLCbDLC a005.11 aWang, Lingfeng.10aModern industrial automation software design : principles and real-world applicationsbprinciples and real-world applications cLingfeng Wang, Kay Chen Tan. aPiscataway, N.J. :bIEEE Press ;aHoboken, N.J. :bWiley-Interscience,cc2006. axxix, 313 p. :bill. ;c25 cm. 0aAutomatic controlxComputer programs. 0aComputer softwarexDevelopment. 0aAutomation.1 aTan, Kay Chen.423Contributor biographical informationuhttp://www.loc.gov/catdir/enhancements/fy0644/2006297750-b.html423Publisher descriptionuhttp://www.loc.gov/catdir/enhancements/fy0644/2006297750-d.html423Table of contents onlyuhttp://www.loc.gov/catdir/enhancements/fy0902/2006297750-t.html